Reforma fiscal y Sistema Nacional de Desarrollo /

Saved in:
Bibliographic Details
Main Author: Lizano Sáenz, Juan Rafael
Format: Text
Subjects:
Tags: Add Tag
No Tags, Be the first to tag this record!

MARC

LEADER 00000 a a2200000 04500
001 8211
003
040
100 |a Lizano Sáenz, Juan Rafael  
245 |a Reforma fiscal y Sistema Nacional de Desarrollo /  |c Juan Rafael Lizano Sáenz 
650 |a REFORMA FISCAL  
650 |a MODELO DE CRECIMIENTO  
650 |a GASTOS PUBLICOS  
650 |a RECESION ECONOMICA  
773 |g volumen 5, número 3; páginas 45-49  
999 |c 25536  |d 25536